000 00451nam a2200133 a 4500
001 000046538
005 20201002052938.0
008 150824s2012 000 spa d
040 _aDO-SdBNP
_bspa
_cBNPHU
100 1 _aPaul, Gerard Myriam
_974525
245 0 _aDos idiomas, una sola misa :. /
_cGerard Myriam Paul.
260 _aSanto Domingo, República Dominicana, :
_bComisión Nacional de Pastoral de Migrantes,
_c2012.
300 _a48 p. : ;
_c28 cm.
999 _c46027
_d46027